Lengua y literatura activas libro uno : el juego de la palabra /

Guardado en:
Autor Principal: Komerovsky, Graciela
Otros Autores: Pendzik, Noemí
Formato: Libro
Publicado: Buenos Aires : Troquel, 1998
Series:Educación
Materias:
Etiquetas: Agregar Etiqueta
Sin Etiquetas, Sea el primero en etiquetar este registro!
LEADER 00932nam a22002175a 4500
001 CEM.cems013352
005 20100507104905.0
008 130507s1998##################000#0#####d
003 CEMS
020 |a 950166600X 
082 0 4 |a 468 
100 1 |a Komerovsky, Graciela 
245 1 0 |a Lengua y literatura activas libro uno :  |b el juego de la palabra /  |c Graciela Komerovsky y Noemí Pendzik 
260 |a Buenos Aires :  |b Troquel,  |c 1998 
300 |a 190 p. 
490 0 |a Educación 
505 0 |a La situación comunicativa -- Texto literario, expositivo y periodístico. Estructura y recursos -- La situación comunicativa. La historieta -- Tema y párrafo. Verbos de enunciación -- El texto apelativo -- La comunicación epistolar -- Diferencias entre oralidad y escritura -- El texto poético 
653 |a Lengua 
653 |a Lengua-egb 
700 1 |a Pendzik, Noemí 
859 |a CEMS  |b BIB. CEMS - 11 de abril  |h 468  |i K835-1  |p 25854.10  |t Ej.1  |v I  |3 I